000
00233nmm a2200085Ia 4500
008
220120s9999||||xx |||||||||||||||||und||
100
_a
PCQ
245
0
_a
December 2010 : 100 free software, 10healthcare sollutions,
260
_a
Cyber tech
999
_c
139637
_d
139637